00190 a2200073 4500020001800000082001800018245004500036300003500081 a9780925636515 a519.50285 MIN aMeet Minitab 15 for windowscMINITAB Inc avariouse pagesbill. ;c27 cm.